00472nam a2200145Ia 45000010005000000080041000050100015000460200018000612450095000792600051001743000020002255460012002456500020002576500049002776614260622s9999 xx 000 0 und d a2003110132 a9780618395941 4aThe New World Reader: Thinking and Writing about the Global Community/ cGilbert H. Muller aBoston; NY; bHoughton Mifflin Company; c2005 a544p; c23x15cm aEnglish aCollege Readers aPE1001-3602 English Language- Modern English